50 best American movies, one from each state - Statistics

General Stats
  • This quiz has been taken 80 times
    79 since last reset
  • The average score is 8 of 50
Answer Stats
State Movie Year % Correct
Georgia Gone with the Wind 1939
61%
Kansas The Wizard of Oz 1939
47%
North Dakota Fargo 1996
44%
Alabama To Kill a Mockingbird 1962
42%
Pennsylvania Rocky 1976
40%
Wyoming Brokeback Mountain 2005
37%
New York Taxi Driver 1976
35%
Arizona Raising Arizona 1987
31%
Indiana Hoosiers 1986
29%
South Dakota North by Northwest 1959
27%
California Chinatown 1974
26%
Iowa Field of Dreams 1989
26%
Texas The Texas Chain Saw Massacre 1974
26%
Illinois Ferris Bueller’s Day Off 1986
24%
Oklahoma Oklahoma! 1955
24%
Alaska Into the Wild 2007
19%
Hawaii The Descendants 2011
19%
Kentucky Coal Miner’s Daughter 1980
16%
Delaware Fight Club 1999
16%
Mississippi In the Heat of the Night 1967
16%
Idaho My Own Private Idaho 1991
15%
Tennessee Nashville 1975
13%
Montana A River Runs Through It 1992
11%
Massachusetts The Fighter 2010
8%
Utah 127 Hours 2010
6%
Nebraska Election 1999
6%
Colorado Jeremiah Johnson 1972
6%
Arkansas Sling Blade 1996
6%
Connecticut The Ice Storm 1997
6%
Nevada Melvin and Howard 1980
5%
Minnesota Purple Rain 1984
5%
Florida Spring Breakers 2012
5%
Louisiana The Big Easy 1987
5%
Rhode Island There’s Something About Mary 1998
5%
New Hampshire To Die For 1995
5%
Missouri Waiting for Guffman 1997
5%
Ohio American Splendor 2003
3%
New Jersey Clerks 1994
3%
Wisconsin Come and Get It 1936
3%
Maine Dolores Claiborne 1995
3%
North Carolina George Washington 2000
3%
West Virginia Matewan 1987
3%
Oregon Old Joy 2006
3%
New Mexico Pat Garrett & Billy the Kid 1973
3%
Maryland Pecker 1998
3%
Michigan Roger & Me 1989
3%
Washington Singles 1992
3%
South Carolina The Big Chill 1983
3%
Virginia The New World 2005
3%
Vermont The Trouble with Harry 1955
3%
No matching quizzes found
Score Distribution
Percent of People with Each Score
Percentile by Number Answered
Your Score History
You have not taken this quiz since the last reset